Statistiques concernant Champion d'arènes + Conseil 4 + Villes + Badges Pokémon Kanto

Cliquez ici pour prendre le quiz!

Statistiques générales

  • Ce quiz a été pris 1 872 fois
    (1 869 depuis la dernière actualisation)
  • Le résultat moyen est 22 sur 30

Statistiques - réponses

IndicesNom% Correct
RochePierre
99%
EauOndine
98%
ElectrikMajor Bob
91%
RivalBlue
90%
SolGiovanni
89%
Roche
88%
DragonPeter
87%
Argenta
86%
Azuria
84%
Carmin-sur-mer
82%
PoisonKoga
82%
Céladopole
80%
PlanteErika
79%
Jadielle
79%
FeuAuguste
77%
CombatAldo
75%
PsyMorgane
74%
Safrania
74%
Cramois'île
73%
GlaceOlga
70%
Parmanie
67%
SpectreAgatha
64%
Foudre
61%
Cascade
59%
Terre
54%
Volcan
46%
Prisme
43%
Âme
41%
Plateau Indigo
36%
Marais
35%

Distribution des résultats

Percentile par nombre de réponses

% des personnes avec chaque résultat

Votre développement - résultats

Vous n’avez pas pris ce quiz depuis la dernière actualisation